Vista normal
Vista MARC
Entrada Personal Name
Número de registros utilizados en: 1
001 - CONTROL NUMBER
- control field: 14396
003 - CONTROL NUMBER IDENTIFIER
- control field: OSt
005 - DATE AND TIME OF LATEST TRANSACTION
- control field: 20210304160130.0
008 - FIXED-LENGTH DATA ELEMENTS
- fixed length control field: 210304|| aca||aabn | a|a d
040 ## - CATALOGING SOURCE
- Original cataloging agency: OSt
- Transcribing agency: OSt
100 ## - HEADING--PERSONAL NAME
- Personal name: Faciolince, Héctor Abad
670 ## - SOURCE DATA FOUND
- Source citation: Work cat.: (OSt): Faciolince, Héctor Abad, autor, Colombia más allá de las promesas : , 2013